000 00382nam a2200145Ia 4500
008 191201s2004 xx 000 0 und d
082 _a621.3
_bCAS
100 _aCATHEY, Jimmie J
245 0 _aSchaum's Outlines Basic Electrical Engineering
250 _a2nd
260 _aN.Delhi
_bTata Mc Graw Hill Pub co. Ltd
_c2004
300 _a335
650 _aB.Tech(ECE)
942 _2ddc
_cBK
999 _c1126
_d1126